Rhymes with -OUGH Words Click Quiz - Statistics

General Stats
  • This quiz has been taken 232 times
  • The average score is 11 of 16
Answer Stats
Hint Answer % Correct
Tough Cuff
95%
Dough So
93%
Enough Cuff
87%
Rough Cuff
87%
Through Stew
87%
Though So
82%
Cough Off
79%
Plough Cow
66%
Borough So
66%
Furlough So
64%
Bough Cow
60%
Hiccough Pickup
57%
Thorough So
54%
Trough Off
52%
Slough Cuff
16%
Lough Frock
10%
No matching quizzes found
Score Distribution
Percent of People with Each Score
Percentile by Number Answered
Your Score History
You have not taken this quiz